[Event "EU-ch 2nd"]
[Site "Ohrid"]
[Date "2001.06.01"]
[Round "1"]
[White "Dautov, Rustem"]
[Black "Sargissian, Gabriel"]
[Result "1-0"]
[WhiteElo "2631"]
[BlackElo "2517"]
[Annotator "Dautov,R"]
[PlyCount "63"]
[EventDate "2001.06.01"]
[EventType "swiss"]
[EventRounds "13"]
[EventCountry "YUG"]
[SourceTitle "CBM 084"]
[Source "ChessBase"]
[SourceDate "2001.09.13"]
[SourceVersion "1"]
[SourceVersionDate "2001.09.13"]
[SourceQuality "1"]

1. d4 d5 2. c4 e6 3. Nc3 Nf6 4. cxd5 exd5 5. Bg5 Be7 6. e3 O-O 7. Bd3 Nbd7 8.
Qc2 c6 9. Nf3 Re8 10. h3 Nf8 11. Bf4 {Eine aussichtsreiche Alternative zu der
üblichen Fortsetzung 11.0-0. Weiß läßt sich die Möglichkeit der langen Rochade
offen.} Bd6 {Die anderen plausiblen Züge sind 11...Ng6 und 11...Be6.} 12. Bxd6
Qxd6 13. O-O-O Be6 14. g4 Qe7 $5 {Ein seltener Zug. Der junger Armenier plant
Nf6-e4.} ({Mit} 14... b5 $6 {schafft sich Schwarz ein "Loch" auf c5.} 15. Kb1
$14 {mit der Idee Rc1 und Ne2.}) ({Der beste Plan für Schwarz besteht in} 14...
Rac8 15. Kb1 c5 $1 (15... b5 $6 16. Nd2 a6 17. Nb3 N6d7 18. Ne2 c5 19. dxc5
Nxc5 20. Nxc5 Rxc5 21. Qd2 Bc8 22. Rc1 Rxc1+ 23. Rxc1 Bb7 24. Nd4 $14 {Dautov,
R-Proehl,H/Bad Woerishofen 1998}) (15... b6 16. Rc1 a5 17. g5 N6d7 18. h4 c5
19. Bf5 c4 20. h5 g6 21. hxg6 fxg6 22. Bxe6+ Rxe6 23. a4 Rce8 24. Rh4 $16 {
Komarov,D-Levin,F/Leningrad 1989}) 16. dxc5 Rxc5 17. Nd4 a6 18. f3 N6d7 $1 {
, mit dem Gegenspiel auf dem Damenflügel dank dem Manöver Nb6-c4:} 19. Qh2 Qe7
20. Rhe1 Nb6 21. Rc1 Rec8 22. f4 Bd7 $13 {Gabriel,C-Lobron,E/Bundesliga 1996})
15. Kb1 (15. Nd2 $5) (15. Ne5 $5) 15... Ne4 {Zwar wird die entstehende
Schwäche e4 von dauerhafter Natur sein, Schwarz bekommt aber dafür eine gute
Zentrumskontrolle und wird seine Sorgen um den möglichen weißen Königsangriff
los.} 16. Bxe4 dxe4 17. Nd2 Bd5 (17... f5 $2 18. gxf5 Bxf5 19. f3 $16) 18. h4
$1 {Ein wichtiger prophylaktischer Zug, der die Aktivierung des schwarzen
Springers verhindert.} ({Falsch wäre der Abtausch der Schwäche e4} 18. f3 $6
exf3 19. e4 Be6 20. Nxf3 Rad8 $11 {, und das weiße Bauernzentrum ist eher
schwach als stark.}) (18. Rc1 $2 Ng6 $11 {nebst Ng6-h4.}) 18... Rad8 19. Rc1 {
Gegen c6-c5 gerichtet. Weiß muß seine Königsangriffspläne vorerst ruhen lassen.
So würde ein voreiliger Zug wie h4-h5 dem Gegner die Möglichkeit geben, mit
h7-h6 und Nh7-g5 seinen Springer zu aktivieren. Ich kam zu dem Schluß, daß
Weiß am besten ein Spiel auf dem Damenflügel führen sollte, dort die
Schwächung der schwarzen Bauern provozieren und im richtigen Moment den
schwarzen Läufer abtauschen.} Rd6 $6 {Dieser Zug und der damit verbundene Plan
der Überführung des Springers auf f6 gefallen mir nicht. Der Posten auf f6 ist
recht unsicher, da jederzeit g4-g5 folgen kann. Auch der schwarze Turm auf d6
wirkt unharmonisch.} ({Schwarz konnte stattdessen versuchen, die weißen
Königsflügelbauern zu lockern:} 19... Ng6 $5 {Darauf sollte Weiß am besten mit}
20. g5 $1 {reagieren.} ({schlechter ist} 20. h5 $6 Nf8 {(mit der Absicht h7-h6
und Nh7-g5)} 21. h6 (21. g5 Qxg5 22. Ndxe4 Qe7 23. Nxd5 Qxe4 $11) 21... g6 {
mit der Idee Ne6-g5.}) 20... Nf8 21. Qa4 (21. Ka1 $5) (21. f3 $2 exf3 22. e4
Be6 23. Nxf3 Bg4 24. Ne5 Bh5 $17) 21... a6 22. Ka1 Ne6 {mit gegenseitigen
Chancen.}) ({Auch} 19... Ne6 $5 {sieht besser aus als der Textzug.}) (19... c5
$2 20. Nxd5 Rxd5 21. dxc5 Nd7 22. Nb3 Rc8 23. Rhd1 Re5 24. Qd2 Nxc5 25. Qd6 $14
) 20. Ka1 Nd7 (20... Rf6 21. Rh2 Nd7 22. g5 Re6 (22... Rf5 $2 23. f3 $16) 23.
Ne2 $5 $14) 21. Qa4 {Die Schwächung des gegnerischen Damenflügels beginnt.} a6
(21... c5 $2 22. Nxd5 Rxd5 23. Qxa7 cxd4 24. Qxb7 $16) 22. Qa5 $1 {Mit der
Absicht Qc7.} Nf6 23. Rhg1 Qd7 $6 {Dieser Zug führt zu weiterer Disharmonie im
schwarzen Lager.} ({Zu empfehlen war} 23... Rdd8 $14) 24. Qc5 $1 b6 $6 (24...
Qe6 25. g5 Nd7 26. Qb4 $16 {, mit den Drohungen 27.Qxb7 und 27.Nxe4.}) ({
Besser war} 24... Qd8 25. g5 Nh5 26. Nc4 (26. Qb4 $14) 26... Bxc4 27. Qxc4 $14)
25. Qa3 $1 $16 {Weiß ist mit ist mit der Entstehung der zweiten Schwäche (Pc6)
zufrieden und will sich auf keine Komplikationen einlassen.} ({Zu unklaren
Konsequenzen würde dagegen} 25. Qxb6 $2 Nxg4 26. Rg2 h5 {führen.}) 25... c5 $2
{In der beginnenden Zeitnot versucht Sargissian, durch ein Bauernopfer den
weißen Druck abzuschütteln. Das Opfer ist jedoch inkorrekt.} ({Zäher war} 25...
a5 26. g5 ({oder} 26. Rc2 $14) 26... Nh5 27. Rc2 Rde6 (27... f5 28. Nxd5 Rxd5
29. Nb1 (29. Nc4 $16) 29... Re6 30. Nc3 Rdd6 31. Rgc1 $16) 28. Rgc1 $16 {
, und Schwarz hat alle Hände zu tun, seine Bauern zu verteidigen.}) 26. dxc5
bxc5 27. Qxc5 Rc8 ({Auf} 27... Bxa2 {folgt ein unangenehmer Stich} 28. g5 $1
$16) 28. Qa3 Bb7 29. Nb3 $18 {Schwarz bekam keine Kompensation. In Zeitnot
verliert er schnell.} Rdc6 30. g5 Ne8 31. Rcd1 Qh3 $2 32. Nd5 1-0

[Event "Barcelona"]
[Site "Barcelona"]
[Date "1992.05.??"]
[Round "9"]
[White "Gurevich, Mikhail"]
[Black "Akopian, Vladimir Eduardovic"]
[Result "1/2-1/2"]
[WhiteElo "2635"]
[BlackElo "2605"]
[Annotator "Dautov,R"]
[PlyCount "91"]
[EventDate "1992.05.??"]
[EventType "tourn"]
[EventRounds "11"]
[EventCountry "ESP"]
[EventCategory "13"]
[SourceTitle "CBM 030"]
[Source "ChessBase"]
[SourceDate "1992.10.01"]
[SourceVersion "1"]
[SourceVersionDate "1992.10.01"]
[SourceQuality "1"]

1. d4 Nf6 2. c4 e6 3. Nc3 d5 4. Bg5 Nbd7 5. cxd5 exd5 6. e3 Be7 7. Bd3 c6 8.
Nf3 O-O 9. Qc2 Re8 10. O-O Nf8 11. h3 Be6 12. Ne5 {N} (12. Rfc1 N6d7 13. Bf4
Nb6 14. Rab1 Bd6 15. Ne2 Ng6 16. Bxd6 Qxd6 17. a4 Rac8 18. Qc5 $14 {Karpov,
An-Kharitonov,A USSR 1988}) (12. Rae1 N6d7 13. Bf4 Ng6 14. Bg3 Ndf8 15. Na4 Bd6
16. Bxd6 Qxd6 17. Nc5 b6 18. Nxe6 Nxe6 19. Rc1 Rac8 20. Rfd1 $14 {Dreev,
A-Akopian,V Groningen 1991}) (12. a3 Nh5 13. Bxe7 Qxe7 14. b4 g6 15. b5 cxb5
16. Bxb5 Rec8 17. Qb3 Nf6 18. Bd3 N8d7 19. Rfc1 Nb6 $14 {Timman,J-Spassky,B
Cannes FRA-NDL 1990}) 12... N6d7 13. Bxe7 Qxe7 14. f4 f6 15. Nf3 Bf7 16. Rae1
c5 17. Qf2 (17. dxc5 Nxc5 18. Nd4 a6 $10) 17... Nb6 18. Nh4 (18. dxc5 Qxc5 19.
Nd4 Nc4 $10) 18... cxd4 19. exd4 Qc7 {/\Nc4-d6} 20. Rc1 Qd8 21. Nb5 $6 (21. Nf5
Bg6 (21... Nc4 $2 22. b3 Na5 23. Nb5 $16) 22. Qf3 Ne6 $132) 21... Nc4 $1 22. b3
(22. Bxc4 dxc4 23. Nc3 a6 24. a4 Rb8 $15) 22... a6 $1 23. bxc4 (23. Nc3 Nd6 {
><e4}) 23... dxc4 24. Bxc4 Bxc4 25. Rxc4 axb5 26. Rc5 (26. Rc2 $6 Re4 27. Rd1
Ne6 $15) 26... Ne6 $10 27. Rxb5 Qxd4 28. Qxd4 Nxd4 29. Rxb7 Rxa2 30. Kh2 Rae2
31. Rd1 R2e4 32. Rd7 Ne6 33. Nf5 Rxf4 34. Nd6 Rb8 35. Re1 Nf8 36. Ra7 Rd8 (
36... Rd4 37. Nf5 Rd7 38. Rxd7 Nxd7 39. Re7 $10) 37. Ne8 Rd7 38. Rxd7 Nxd7 39.
Re7 Kf8 40. Rxd7 Kxe8 41. Rxg7 Rh4 42. g4 Rh6 43. Kg3 Rg6 44. Rxh7 f5 45. Kh4
fxg4 46. hxg4 1/2-1/2

[Event "YUG-chT"]
[Site "Tivat"]
[Date "1995.??.??"]
[Round "4"]
[White "Maksimenko, Andrei"]
[Black "Miladinovic, Igor"]
[Result "0-1"]
[WhiteElo "2550"]
[BlackElo "2555"]
[Annotator "Dolmatov,S"]
[PlyCount "58"]
[EventDate "1995.??.??"]
[EventType "team-swiss"]
[EventRounds "11"]
[EventCountry "YUG"]
[SourceTitle "CBM 048 Extra"]
[Source "ChessBase"]
[SourceDate "1995.11.01"]
[SourceVersion "1"]
[SourceVersionDate "1995.11.01"]
[SourceQuality "1"]

1. c4 e6 2. Nc3 d5 3. d4 Nf6 4. cxd5 exd5 5. Bg5 c6 6. e3 (6. Qc2) 6... Be7 (
6... Bf5 7. Qf3 Bg6 8. Bxf6 Qxf6 9. Qxf6 gxf6 10. Kd2 Nd7 11. Bd3 Bd6 12. h4 h5
13. Nge2 $14) 7. Qc2 (7. Bd3 Ne4 8. Bxe7 Qxe7 9. Nf3 Nd7 10. Qc2 f5 11. O-O $14
) 7... Nbd7 8. Bd3 O-O 9. Nf3 Re8 10. O-O Nf8 11. Rab1 (11. Rae1 Ne4 12. Bxe7
Qxe7 13. Bxe4 dxe4 14. Nd2 f5 15. f3 exf3 16. Nxf3 Be6 17. e4 fxe4 18. Rxe4 h6
19. Ne2 Qb4 $1 $10 {Timman,J-Jusupov,A/Tilburg/1986/}) 11... a5 12. a3 Ng6 (
12... Ne4 13. Bxe7 Qxe7 14. b4 Bf5 15. Bxe4 dxe4 16. Ne5 axb4 17. axb4 $14) 13.
b4 (13. Bxf6 Bxf6 14. b4 axb4 15. axb4 $14) 13... axb4 14. axb4 Bd6 15. Rfe1 (
15. b5 h6 16. Bxf6 Qxf6 17. bxc6 bxc6 18. Na4 Bg4 19. Nd2 Nh4) 15... Bg4 (15...
h6 $2 16. Bxf6 Qxf6 17. e4 $16) 16. Nh4 (16. Nd2 h6 17. Bxf6 Qxf6 18. f3 Bd7
19. Na4 $14) 16... h6 17. Bxf6 Qxf6 18. Nxg6 fxg6 19. b5 $6 (19. Bxg6 Rf8 20.
Bh7+ Kh8 21. Bd3 $14) 19... Ra3 20. bxc6 bxc6 21. Ra1 Rf8 22. Rxa3 Bxa3 23. Rb1
(23. Bxg6 $2 Bb4) 23... Qg5 $10 24. Bxg6 Bd6 (24... Bf3 25. Bh7+ Kh8 26. Qg6)
25. Bh7+ Kh8 26. Bd3 (26. Qg6 $6 Bxh2+ 27. Kxh2 Qh4+ 28. Kg1 Qxf2+ 29. Kh2 Bf5
$17) 26... Bf3 27. g3 $4 (27. Bf1 h5 28. h3 $14) 27... Bxg3 $19 28. fxg3 (28.
hxg3 Qh5 $19) 28... Qxe3+ 29. Qf2 Qxd3 0-1

[Event "Keres Memorial"]
[Site "Tallinn/Parnu"]
[Date "1998.06.29"]
[Round "9"]
[White "Short, Nigel D"]
[Black "Andersson, Ulf"]
[Result "1-0"]
[WhiteElo "2660"]
[BlackElo "2635"]
[Annotator "Donev,I"]
[PlyCount "85"]
[EventDate "1998.06.19"]
[EventType "tourn"]
[EventRounds "9"]
[EventCountry "EST"]
[EventCategory "15"]
[SourceTitle "CBM 066"]
[Source "ChessBase"]
[SourceDate "1998.09.30"]
[SourceVersion "1"]
[SourceVersionDate "1998.09.30"]
[SourceQuality "1"]

1. d4 Nf6 2. c4 c6 3. Nc3 d5 4. Nf3 e6 5. Bg5 Nbd7 6. e3 Qa5 7. cxd5 exd5 $6 {
Die Theorie hält nicht viel von diesem Zug.} (7... Nxd5 $142) 8. Bd3 Bd6 9. Qc2
O-O 10. O-O Re8 11. a3 h6 12. Bh4 Qd8 13. Rae1 Be7 $16 {Der
Eröffnungsbehandlung des Schwedische Großmeister ist sehr verdächtig. Wen er
schon das als schwächer geltende 7...ed5 dem Normalzug 7...Nd5 vorzieht, so
kann es bestimmt nicht mit der Absicht gewesen sein, eine gängige Stellung der
Abtauschvariante mit einer Handvoll Tempi weniger zu bekommen, wie es jetzt
der Fall ist!} 14. Bg3 Nf8 15. h3 Be6 16. Ne5 N6d7 17. f4 Nb6 18. f5 Bd7 19. e4
dxe4 20. Rxe4 Bf6 $6 (20... Nh7 $142) 21. Nxf7 $1 Kxf7 22. Qb3+ Ne6 (22... Be6
23. fxe6+ Nxe6 24. Be2 $1 $18 {nebst Bh5}) 23. Rfe1 Nd5 $2 (23... Qc8 24. fxe6+
(24. Be2 g6 25. fxe6+ Bxe6 $13) 24... Rxe6 (24... Bxe6 25. Rxe6 Rxe6 26. Bf5
$18) 25. Bd6 $16 (25. Bb1 {/\Ba2})) 24. Nxd5 cxd5 25. Qxd5 Bc6 26. fxe6+ Kg8
27. Qf5 Bxe4 28. Bxe4 Qxd4+ 29. Bf2 Qd6 (29... Qxb2 30. Qh7+ Kf8 31. Bc5+ {
nebst Qh8#}) 30. Qh7+ Kf8 31. Bg6 $1 $18 {Droht das Bauernopfer mit der
Zielblockade des e7 Feldes, nebst Qh8#. Schwarz muss darum die Qualität
zurückgeben, wonach er mit Minusbauer und schlechter Stellung nichts mehr zu
hoffen hat.} Ke7 32. Bxe8 Rxe8 33. Qe4 Rc8 34. Qxb7+ Rc7 35. Qe4 {Außer dem
Materialvorteil hat der Anziehende die klar bessere Königslage.} Bxb2 36. Bh4+
g5 37. Qh7+ Kd8 38. Qg8+ Ke7 39. Bf2 Bc3 40. Qf7+ Kd8 41. Qg8+ Ke7 42. Re4 Bd2
43. g3 1-0

[Event "Odorheiu Secuiesc zt"]
[Site "Odorheiu Secuiesc"]
[Date "1995.??.??"]
[Round "1"]
[White "Mozny, Milos"]
[Black "Dumitrache, Dragos Nicolae"]
[Result "0-1"]
[WhiteElo "2435"]
[BlackElo "2530"]
[Annotator "Dumitrache,D"]
[PlyCount "51"]
[EventDate "1995.03.??"]
[EventType "swiss"]
[EventRounds "9"]
[EventCountry "ROU"]
[SourceTitle "CBM 047"]
[Source "ChessBase"]
[SourceDate "1995.08.01"]
[SourceVersion "1"]
[SourceVersionDate "1995.08.01"]
[SourceQuality "1"]

1. c4 {Baburin Ftacnik} e6 2. Nf3 d5 3. d4 c6 4. cxd5 exd5 5. Nc3 Nf6 (5... Bf5
) 6. Qc2 Be7 7. Bg5 Nbd7 8. e3 O-O 9. Bd3 Re8 10. O-O Nf8 11. Bxf6 Bxf6 12. b4
a6 13. a4 (13. Na4 $1) (13. Bf5 {Baburin}) 13... Bg4 14. Nd2 Be7 15. b5 (15.
Rab1 {Baburin}) 15... a5 $1 {(><b4)} (15... axb5 {Ftacnik} 16. axb5 Bd6 (16...
Rxa1 17. Rxa1 Bd6 18. bxc6 bxc6 19. Ra6 Bd7 20. g3 Qg5 21. Nf1 h5 22. h4 Qe7
23. Na4 Rb8 24. Ra7 {Herzog,J-Meier,T/Zürich op/1989/0-1 (41)}) 17. Rxa8 Qxa8
18. bxc6 bxc6 19. Rb1 Rb8 20. Rxb8 Qxb8 21. h3 Bd7 22. Kf1 g6 23. Qb3 Qb4 24.
Ke2 {Cosma,I-Safyanovsky,M/Moscow3/1991/0.5 (31)}) 16. bxc6 bxc6 {Baburin:This
idea (a7-a6 and then a6-a5!? instead of the natural a6xb5) was invented by
Spassky. Black has got a good square on the b-file (b4) and it's difficult for
White to get the c3-Knight to c5, due to the presence of a pawn on a4.} 17. Na2
{Baburin:This idea does not look great.} (17. Bf5 $5) (17. Ne2 {Ftacnik} Bb4
18. Nb3 Qf6 19. Rfc1 Rac8 20. Nc5 Ng6 21. Ng3 Kh8 22. Bf5 Bxf5 23. Qxf5 Qe7 24.
Nd3 {Yuneev,A-Akopian,V/URS-sf Daugavpils/1989/0.5 (66)}) (17. Bf5 $5 {Baburin
Baburin:When the Bishops are exchanged, White will be able to set up his pawns
on dark squares on the King side (g2-g3), limiting Black's Bishop.}) 17... Bd6
18. Rfc1 (18. Qxc6 Rc8 19. Qb5 (19. Qxd5 $4 Bxh2+) 19... Rb8 20. Qa6 (20. Qc6
Rc8 $10) 20... Re6 (20... Ra8 $10 {Ftacnik}) 21. Qa7 Rb2 22. Nb1 Bxh2+ 23. Kxh2
Qh4+ 24. Kg1 Rh6 $19) 18... Qf6 19. Nf1 (19. Qxc6 Bxh2+ 20. Kxh2 Qxf2 21. Nf1 (
21. Rc2 {Ftacnik} Re6 22. Nf3 Qxe3 23. Qxa8 Rh6+ 24. Kg3 Bxf3 $40) 21... Re6
$19) 19... Rac8 20. Rab1 Ng6 21. Rb6 (21. h3 $5 {Ftacnik} Bd7 22. Rb7 Rc7 $10)
21... Ba3 22. Rcb1 (22. Rxc6 $2 {Ftacnik} Bxc1 (22... Rxc6 23. Qxc6 Bxc1 $4 24.
Qxe8+) 23. Rxf6 Rxc2 24. Bxc2 gxf6 $19) 22... Nh4 {Baburin:The concentration
of black pieces on the K-side is high, Black threatens 23...Bg4-h3! for
example.} 23. R1b3 $2 (23. Ng3 h5 {/\Nxg2,h4,Qf3+}) (23. f3 $5 Bf5 $15 {פa2,e3
}) (23. Bxh7+ Kh8 {(/\g6)} 24. Bd3 Nxg2) (23. R6b3 $5) 23... Nxg2 $1 $19 {
Baburin: Another attacking idea is used! This move is possible because White's
Rook does not control the e1-square any longer.} 24. Rxa3 (24. Kxg2 Qf3+ 25.
Kg1 Bh3 $19) (24. f3 {Ftacnik} Ne1 $19) 24... Ne1 25. Qc1 (25. Bxh7+ {Ftacnik}
Kh8 26. Qc3 Qf3 27. Qxe1 Bh3) 25... Qf3 26. Qxe1 (26. Qxe1 Bh3 (26... Bh3 {
Ftacnik} 27. Bxh7+ Kh8 $19)) 0-1

[Event "Lausanne FIDE GP (Women)"]
[Site "Lausanne"]
[Date "2020.03.11"]
[Round "9"]
[White "Ju, Wenjun"]
[Black "Dzagnidze, Nana"]
[Result "0-1"]
[WhiteElo "2583"]
[BlackElo "2515"]
[Annotator "Dzagnidze,N"]
[PlyCount "164"]
[EventDate "2020.03.02"]
[EventType "tourn"]
[EventRounds "11"]
[EventCountry "SUI"]
[EventCategory "11"]
[SourceTitle "CBM 195"]
[Source "ChessBase"]
[SourceDate "2020.04.30"]
[SourceVersion "1"]
[SourceVersionDate "2020.04.30"]
[SourceQuality "1"]

{[%evp 0,164,19,31,14,-14,3,-15,0,19,45,1,7,10,14,-10,10,29,38,26,50,50,51,35,
57,40,40,31,45,15,24,25,29,-6,21,18,20,18,59,52,20,21,17,12,53,50,39,26,47,7,
10,10,21,-18,20,-2,-12,-43,-30,-53,-120,-120,-102,-102,-63,-105,-1,0,19,1,0,0,
0,-36,-11,-16,-26,-29,-26,-29,-29,-41,-41,-41,-23,-69,-85,-105,-95,-123,-106,
-110,-186,-175,-161,-180,-196,-176,-183,-164,-164,-164,-149,-153,-150,-157,
-120,-102,-120,-118,-96,-89,-123,-133,-155,-174,-247,-298,-152,-158,-179,-163,
-163,-163,-163,-371,-470,-545,-676,-703,-707,-737,-731,-738,-737,-739,-554,
-561,-558,-559,-594,-595,-595,-629,-629,-629,-670,-670,-629,-638,-645,-668,
-715,-725,-735,-735,-735,-735,-745,-962,-1002,-1012,-29936,-29971,-29972,
-29973,-29974] This was a crucial game for me. After my victory versus the
World Champion, I got the feeling that I could win the tournament.} 1. d4 Nf6
2. c4 e6 3. Nf3 d5 4. Nc3 c6 {This will finally transpose to the Queen's
Gambit Exchange Variation.} 5. Bg5 Nbd7 6. cxd5 (6. e3 Qa5 7. Nd2 Bb4 8. Qc2
O-O 9. Be2 (9. a3 dxc4 10. Bxf6 Nxf6 11. Nxc4 Bxc3+ 12. Qxc3 Qxc3+ 13. bxc3 b6
$11) 9... c5 10. O-O cxd4 11. Nb3 Qb6 12. exd4 (12. Nxd4 Bxc3 13. bxc3 dxc4 14.
Rab1 Qc5 15. Rb5) 12... dxc4 13. Bxc4 Qc7 (13... h6 14. Bh4) 14. Qe2 Bxc3 15.
bxc3 b6 {with a playable position.}) 6... exd5 7. Qc2 Be7 8. e3 O-O 9. Bd3 Re8
10. h3 (10. O-O Nf8 11. h3 Ne4 12. Bf4 Ng5 $5 13. Ne5 Bd6 14. Rab1 Ng6 15. Nxg6
hxg6 16. Bxd6 Qxd6 17. b4 (17. h4 Nh7 18. h5 Nf8 19. hxg6 Nxg6 20. Bxg6 fxg6
$11) 17... Bxh3 18. gxh3 (18. f4 Rxe3 19. fxg5 Bxg2 20. Qxg2 Rg3 $17) 18...
Nf3+ 19. Kg2 Nh4+ 20. Kg1 Nf3+ 21. Kg2 Nh4+ 22. Kh1 Nf3 $11) 10... Nf8 11. Bf4
Ng6 12. Bg3 Bd6 13. Bxd6 Qxd6 14. O-O-O (14. O-O Qe7 {with idea ...Ne4/...f5.})
14... b5 15. g4 {The position got an attacking race character.} a5 16. g5 b4
17. Na4 Ne4 18. Rdg1 Ba6 {Objectively not the best move in this position, but
I thought to exchange the white-squared bishops is in my favour.} (18... Bf5 $5
19. Ne1 (19. h4 Nxf2 20. Bxf5 Nxh1 21. Bxg6 Qxg6 22. Qxg6 hxg6 23. Rxh1 Rxe3
24. Rf1 Rae8 25. Ne5 Re4 26. Nf3 f6 27. Nc5 Rg4 28. Nd7 Rf4 $15) 19... Rac8 20.
f3 (20. Kb1 Nh4 $1 21. f3 (21. Nc5 Qe7 22. Bxe4 Bxe4 23. Nxe4 dxe4 24. Rg4 Ng6
25. h4 c5 26. h5 (26. d5 Qd7 27. Rxe4 Qxd5 28. f3 Ne5 29. Rf1 a4 30. f4 b3 $19)
26... cxd4) 21... Ng3 22. Qh2 Bxd3+ 23. Nxd3 Nhf5 $17) 20... c5 21. fxe4 dxe4
22. dxc5 exd3 23. cxd6 dxc2 $17) (18... Nf4 {The engine shows this beautiful
move.} 19. exf4 (19. Bxe4 dxe4 20. Ne5 Nd3+ 21. Nxd3 exd3 22. Qxd3 Be6 23. h4
Bd5 24. Rh3 Bxa2 $13) 19... Qxf4+ 20. Nd2 Nxf2 21. Rf1 Qxd4 22. Bxh7+ Kh8 23.
Rhg1 Re2 {A typical computer line.}) 19. Bxa6 Rxa6 20. Kb1 Ra7 21. h4 Rc7 {
Trying to plan counterplay with ...c5.} 22. h5 Nf8 23. Nh4 Qe6 (23... c5 $6 24.
dxc5 Nxc5 25. Nf5 Qc6 26. Rc1 Nfe6 27. Nxc5 Nxc5 28. Nd4 $14) 24. f3 Nd6 25.
Re1 Nd7 26. Re2 (26. g6 fxg6 27. hxg6 h6 {is nothing to be afraid of:} 28. e4
dxe4 29. Nc5 Qd5 (29... Nxc5 30. dxc5 Nb5 31. Rxe4)) 26... c5 {Finally!} 27.
dxc5 Rec8 {In this position both of us were short of time already.} 28. g6 Nxc5
29. gxh7+ Kh8 30. Nxc5 Rxc5 31. Qd3 {Here I already felt that my position was
better, but how much better exactly I couldn't evaluate because of time
shortage. So I didn't want to give her queen the d4 square.} Qf6 32. Qd4 Qxd4
33. exd4 Rc4 34. Rd1 R4c7 {Trying to play safe.} (34... Kxh7 35. Re5 R4c6 36.
Rxd5 Nc4 37. Rc5 Rxc5 38. dxc5 Rxc5 39. Rd7 Rxh5 40. Ng2 Rh1+ 41. Kc2 Rh2 $19)
35. Rg1 Kxh7 36. Reg2 f6 37. Re2 a4 38. Re6 Nc4 39. Re2 Nd6 40. Re6 Nc4 {
Just to gain time.} 41. Re2 a3 42. bxa3 (42. Nf5 axb2 43. Reg2 (43. Re7 Rxe7
44. Nxe7 Re8 45. Re1 Ra8 46. Nxd5 b3) 43... Ra8 44. Rxg7+ Rxg7 45. Rxg7+ Kh8
46. Rb7 (46. Rg2 Re8 47. Rg1 Re2 $19) 46... Rg8) 42... bxa3 (42... Nxa3+ $5 {
is a computer line:} 43. Kb2 Nc4+ 44. Kb3 (44. Kb1 Rb8 45. Reg2 Ra7 46. Nf5 b3
47. Rxg7+ Rxg7 48. Rxg7+ Kh8 $19) (44. Ka1 Ra7) 44... Na5+ 45. Kxb4 (45. Ka4
Ra8 46. Nf5 (46. Kxb4 Rb8+) 46... b3 47. axb3 Nc4+ 48. Kb5 Rb8+ $19) (45. Kb2
b3 $3 46. axb3 Nxb3 47. Nf5 Rb8 48. Re7 Nxd4+ 49. Ka1 Rxe7 50. Nxe7 Rb5 51. Rd1
Nxf3 52. Nxd5 Kh6 53. Nf4 Rf5 54. Ne6 Rxh5 55. Rd8 Re5 $19) 45... Rb8+ 46. Ka4
Nc4) 43. Ng6 Nd6 {I couldn't find a direct win, so I decided to transfer my
knight to f5.} (43... Rb7+ 44. Ka1 Rb2 45. Re7) 44. Nf4 Nf5 45. Ne6 Rb8+ (45...
Rc3 46. Reg2 Rb8+ 47. Ka1 Ne3) 46. Ka1 Re7 47. Rb1 Rbe8 48. Rbe1 Kh6 49. Nf4 (
49. Kb1 Rb7+ 50. Kc2 (50. Kc1 Rb2) 50... Rxe6 51. Rxe6 Nxd4+) 49... Rxe2 50.
Rxe2 Rxe2 (50... Rc8 51. Kb1 Nxd4 52. Re3) 51. Nxe2 Kxh5 52. Kb1 Ne3 (52... Kh4
$1 53. Kc2 g5 54. Kb3 (54. Kd3 Ne7 55. Ke3 f5 56. Kf2 Kh3 57. Kg1 Nc6 58. Kh1
Nb4 $19) 54... Kh3 55. Kxa3 Kg2 56. Kb4 Kxf3 57. Ng1+ Kf2 $19) 53. Kc1 g5 54.
Kd2 Nc4+ 55. Kd3 (55. Ke1 f5 56. Nc3 (56. Kf2 f4 57. Nc3 Ne3 58. Nb5 Nc2) 56...
Ne3 57. Nb5 Kh4 58. Nxa3 (58. Kf2 Nc2) 58... Kg3) 55... Kh4 56. Nc3 Nb6 57. Nb5
Kg3 58. Ke2 f5 59. Nxa3 f4 60. Nc2 (60. Nb1 Nc4 61. Nc3 g4 62. fxg4 f3+) 60...
Na4 (60... g4 61. Ne1 gxf3+ 62. Nxf3 Na4 63. Ne5 Nc3+ 64. Kd3 Nxa2) 61. a3 Nc3+
62. Kd3 Kxf3 63. Kxc3 Ke2 64. Nb4 f3 65. Nd3 g4 (65... f2 66. Nxf2 Kxf2 67. a4
g4 68. a5 g3 69. a6 g2 70. a7 g1=Q 71. a8=Q Qc1+ 72. Kd3 Qc4+ 73. Kd2 Qxd4+ 74.
Kc1 Qe3+ 75. Kd1 Qd3+ 76. Kc1 $11) 66. Nf4+ Ke1 (66... Kf1 67. Nxd5 (67. Nh5 f2
) (67. Kd3 g3 68. Ke3 g2 69. Nh3 f2) 67... g3 68. Ne3+ Ke2) 67. Nd3+ Kf1 68.
Ne5 g3 69. Nxf3 g2 70. Kb4 Kf2 71. Ng5 Kg3 72. Kc5 g1=Q 73. Kxd5 Qh1+ 74. Kd6
Kf4 75. Ne6+ Ke4 76. d5 Qh2+ 77. Kc6 Ke5 78. Nc7 Qc2+ 79. Kd7 Qa4+ 80. Ke7
Qxa3+ 81. Kd7 Qd6+ 82. Kc8 Qe7 0-1